| 000 | 00458nam a2200181Ia 4500 | ||
|---|---|---|---|
| 008 | 131103s9999 xx 000 0 und d | ||
| 020 | _a0 460 05081 8 | ||
| 040 | _aLoreto College | ||
| 041 | _aEnglish | ||
| 082 |
_aF/COO _bLCBED/13115 |
||
| 100 | _aCoolidge, Susan | ||
| 245 |
_aWhat katy did _cSusan Coolidge |
||
| 260 |
_aLondon _bJ.M. Dent _c1968 |
||
| 300 |
_a181p. _c 23cm. |
||
| 650 | _aEnglish fiction | ||
| 850 | _aLCBED/F/COO | ||
| 942 | _cBK | ||
| 999 |
_c32265 _d82744 |
||